000 00630nam a2200229Ia 4500
003 OSt
005 20221007072010.0
006 a|||||r|||| 00| 0
007 ta
008 221006b |||||||| |||| 00| 0 eng d
024 _a24,634
037 _cTextual
040 _aFLL
_cFLL
_beng
041 _2eng
_aeng
082 _aZ3xL23, K7
100 _aBlackstone Sir William
_9689835
245 0 _aCommentaries on the laws of England
260 _aLondon
_bOceana Publications England
_c1967
300 _a1-455p
_ccm.
942 _hZ3xL23, K7
_cTEXL
_2CC
999 _c1144915
_d1144915